Progress in solid state chemistry (Record no. 20070)

000 -LEADER
fixed length control field 00594nam a2200217 a 4500
001 - CONTROL NUMBER
control field 20070
003 - CONTROL NUMBER IDENTIFIER
control field BD-DhUET
008 - FIXED-LENGTH DATA ELEMENTS--GENERAL INFORMATION
fixed length control field 060615s2007 nyua b 001 0 eng
040 ## - CATALOGING SOURCE
Original cataloging agency DLC
Transcribing agency DLC
Modifying agency BD-DhUET
082 ## - DEWEY DECIMAL CLASSIFICATION NUMBER
Classification number 541.31
Item number REI/1964
100 ## - MAIN ENTRY--PERSONAL NAME
Personal name Reiss, H.
245 00 - TITLE STATEMENT
Title Progress in solid state chemistry
250 ## - EDITION STATEMENT
Edition statement 1st ed.
260 ## - PUBLICATION, DISTRIBUTION, ETC. (IMPRINT)
Place of publication, distribution, etc. New York
Name of publisher, distributor, etc. Macmillan
Date of publication, distribution, etc. 1964
300 ## - PHYSICAL DESCRIPTION
Extent xi, 531 p.
Other physical details ill
Dimensions 27 cm.
500 ## - GENERAL NOTE
General note Volume -1
504 ## - BIBLIOGRAPHY, ETC. NOTE
Bibliography, etc Includes bibliographies
650 #0 - SUBJECT ADDED ENTRY--TOPICAL TERM
Topical term or geographic name as entry element Solid state chemistry
856 41 - ELECTRONIC LOCATION AND ACCESS
Uniform Resource Identifier http://www.loc.gov/catdir/toc/ecip0615/2006019702.html
942 ## - ADDED ENTRY ELEMENTS (KOHA)
Koha item type Edited Book
Holdings
Not for loan Koha normalized classification for sorting Koha full call number Piece designation (barcode) Source of classification or shelving scheme Sublocation or collection (holding branch) Copy number Withdrawn status Price effective from Lost status Koha item type Damaged status Shelving location Date acquired Location (home branch) Koha date last seen
 541_310000000000000_REI_1964541.31/REI/196444081 Central Library, BUET1 2015-04-09 Edited Book Circulation section2015-04-09Central Library, BUET2015-04-09